Understanding how designers think and work/ (Record no. 664)
[ view plain ]
| 000 -LEADER | |
|---|---|
| fixed length control field | 00501nam a22001937a 4500 |
| 003 - CONTROL NUMBER IDENTIFIER | |
| control field | BD-DhUIB |
| 005 - DATE AND TIME OF LATEST TRANSACTION | |
| control field | 20251112182936.0 |
| 008 - FIXED-LENGTH DATA ELEMENTS--GENERAL INFORMATION | |
| fixed length control field | 251112b |||||||| |||| 00| 0 eng d |
| 040 ## - CATALOGING SOURCE | |
| Original cataloging agency | BD-DhUIB |
| Transcribing agency | BD-DhUIB |
| 050 ## - LIBRARY OF CONGRESS CALL NUMBER | |
| Classification number | 744 |
| 082 ## - DEWEY DECIMAL CLASSIFICATION NUMBER | |
| Edition number | 22 |
| 100 ## - MAIN ENTRY--PERSONAL NAME | |
| Personal name | Cross, Nigel. |
| 9 (RLIN) | 1086 |
| 245 ## - TITLE STATEMENT | |
| Title | Understanding how designers think and work/ |
| Statement of responsibility, etc. | by Nigel, Cross. |
| 250 ## - EDITION STATEMENT | |
| Edition statement | 2nd ed. |
| 260 ## - PUBLICATION, DISTRIBUTION, ETC. | |
| Place of publication, distribution, etc. | New york. |
| Name of publisher, distributor, etc. | Bloomsbupy. |
| Date of publication, distribution, etc. | c2023 |
| 300 ## - PHYSICAL DESCRIPTION | |
| Extent | ix, 187p. : |
| Other physical details | illus.; |
| Dimensions | 15cm. |
| 526 ## - STUDY PROGRAM INFORMATION NOTE | |
| Program name | BBA. |
| 942 ## - ADDED ENTRY ELEMENTS (KOHA) | |
| Source of classification or shelving scheme | Dewey Decimal Classification |
| Koha item type | Books |
| Withdrawn status | Lost status | Source of classification or shelving scheme | Damaged status | Not for loan | Collection code | Home library | Current library | Shelving location | Date acquired | Source of acquisition | Total Checkouts | Full call number | Barcode | Date due | Date last seen | Date last checked out | Copy number | Price effective from | Koha item type |
|---|---|---|---|---|---|---|---|---|---|---|---|---|---|---|---|---|---|---|---|
| Dewey Decimal Classification | Non-fiction | IBA Library | IBA Library | General Stacks | 11/11/2025 | Purchase | 1 | 744 C691d | 00051693 | 11/26/2025 | 11/12/2025 | 11/12/2025 | C-1 | 11/12/2025 | Books |
